| 000 | 00745nam a2200229 a 4500 | ||
|---|---|---|---|
| 001 | 44968 | ||
| 003 | BD-RjUL | ||
| 005 | 20240125151103.0 | ||
| 008 | 160721r19671926nyu b 001 0ceng d | ||
| 035 | _a(BD-RjUL)45086 | ||
| 040 |
_aLNU _cLNU _dBD-RjUL _beng |
||
| 041 | _aeng | ||
| 082 | 0 | 4 |
_a109 _bDUS 1953 _223 |
| 100 | 1 |
_aDurant, Will _d1885-1981. _9137811 |
|
| 245 | 1 | 4 |
_aThe story of philosophy : _bthe lives and opinions of the great philosophers of the western world / _cby Will Durant. |
| 260 |
_aNew York : _bSimon and Schuster, _cc1967 |
||
| 300 |
_axvi, 412 p. ; _c22 cm. |
||
| 504 | _aIncludes bibliographical references (p. 403-404) and index. | ||
| 650 | 0 |
_aPhilosophy _9137812 |
|
| 650 | 0 |
_aPhilosophers _9137813 |
|
| 942 |
_2ddc _cBK |
||
| 999 |
_c44968 _d44968 |
||